Granice na wyspach - Statystyki

Ogólne statystyki
  • Ten quiz został rozwiązany 14 razy
  • Średni wynik to 7 z 15
Statystyki odpowiedzi
Państwa graniczące Nazwa Wyspy % Poprawnych
Cypr / Wielka Brytania / Cypr Północny Cypr
100%
Haiti / Dominikana Haiti
92%
Irlandia / Wielka Brytania Irlandia
92%
Indonezja / Papua-Nowa Gwinea Nowa Gwinea
83%
Niemcy / Polska Uznam
83%
Indonezja / Malezja / Brunei Borneo
75%
Indonezja / Timor Wschodni Timor
67%
Chile / Argentyna Ziemia Ognista
58%
Francja / Holandia Saint Martin
42%
Dania / Kanada Hans
33%
Finlandia / Szwecja Market
8%
Bahrajn / Arabia Saudyjska Grobla Króla Fahda
0%
Finlandia / Szwecja Kataja
0%
Finlandia / Rosja Koiluoto
0%
Indonezja / Malezja Sebatik
0%
Nie znaleziono quizów pasujących do podanych kryteriów
Rozkład punktacji
Procent ludzi z każdym wynikiem
Percentyl według liczby udzielonych odpowiedzi
Twoja historia wyników
Nie rozwiązałeś tego quizu